| 000 -Etiqueta do registo | |
|---|---|
| campo de controlo de comprimento fixo | 00707 2200229 4500 |
| 001 - Identificador do registo | |
| Campo de controlo | 75379 |
| 005 - Identificador da versão | |
| Campo de controlo | 20260121153051.0 |
| 010 ## - ISBN | |
| Número (ISBN) | 978-989-687-907-5 |
| 100 ## - Dados Gerais de Proc. | |
| Dados gerais de processamento | 20260121d2024 m||y0pory50 ba |
| 101 0# - Língua da publicação | |
| Língua do texto, banda sonora, etc. | Português |
| 102 ## - País de Publicação | |
| País de publicação | Portugal |
| 200 1# - Título | |
| Título próprio | Quem mexeu no meu queijo? |
| Informação de outro título | como lidar com a mudança no seu trabalho e na sua vida |
| Primeira menção de responsabilidade | Spencer Johnson |
| Outras menções de responsabilidade | trad. João Félix Galizes |
| 210 ## - Publicação, Distribuição | |
| Lugar da edição, distribuição, etc. | Lisboa |
| Nome do editor, distribuidor, etc. | Pergaminho |
| Data da publicação, distribuição, etc. | 2024 |
| 215 ## - Descrição física | |
| Descrição física | 92, [4] p. |
| 304 ## - Título e responsabilidade | |
| Texto da nota | Tít. orig.: Who moved my cheese? |
| 606 ## - Nome comum | |
| Elemento de entrada | Psicologia |
| Koha Internal code | 2881 |
| 675 ## - CDU | |
| Notação | 15 |
| Língua da edição | Português |
| Edição | 2.ª ed. |
| 675 ## - CDU | |
| Notação | 159.923(035) |
| Edição | BN |
| 700 ## - Responsabilidade principal | |
| Palavra de ordem | Johnson |
| Outra parte do nome | Spencer |
| Datas | 1938-2017 |
| Koha Internal Code | 25574 |
| 702 ## - Responsabilidade secundária | |
| Palavra de ordem | Galizes |
| Outra parte do nome | João Félix |
| Código de função | Tradutor |
| Koha Internal Code | 21165 |
| 090 ## - Números de controlo do sistema (Koha) | |
| Número biblioitem do Koha (gerado automaticamente) | 75379 |
| 942 ## - Elementos de entrada adicionados (Koha) | |
| Tipo de item no Koha | Monografias |
| Suprimido | Disponível no OPAC |
| Removido (estado) | Perdido (estado) | Data de aquisição | Origem do registo (biblioteca) (codificado) | Código da organização que empresta ou é detentora (biblioteca) | Código de barras | Número de inventário | Cota | Data de empréstimo ou depósito | Termo da data do empréstimo | Tipo de circulação (não pode ser emprestado) | Tipo de item e material | Menção de edição | Data da publicação, distribuição, etc. |
|---|---|---|---|---|---|---|---|---|---|---|---|---|---|
| Disponível | Disponível | 2026-01-20 | Biblioteca da Escola Secundária Dr. Jorge Augusto Correia | Biblioteca da Escola Secundária Dr. Jorge Augusto Correia | BESJAC12511 | 12511 | 15 JOH | 2026-03-25 | 2026-04-16 | Normal | Monografias | 2.ª ed. | 2024 |